Νεοελληνική γλώσσα για το γυμνάσιο

Αποθηκεύτηκε σε:
Λεπτομέρειες βιβλιογραφικής εγγραφής
Κύριος συγγραφέας: Κάνδρος, Παναγιώτης
Μορφή: Βιβλίο
Γλώσσα:Greek
Δημοσίευση: Αθήνα : Ο.Ε.Δ.Β., [1984]
Θέματα:
Ετικέτες: Προσθήκη ετικέτας
Δεν υπάρχουν, Καταχωρήστε ετικέτα πρώτοι!

MARC

LEADER 00000nam a2200000 i 4500
001 1/73648
008 960724s1984 gre d
035 |a 1987  |c Δωρεά  |l 10031573 
040 |a GR-MY-UA  |b gre  |e aacr 
041 0 |a gre 
082 0 |a 489.30712495 
100 1 |a Κάνδρος, Παναγιώτης. 
245 1 0 |a Νεοελληνική γλώσσα για το γυμνάσιο /  |c Π. Κάνδρος ... [κ.ά.] 
260 |a Αθήνα :   |b Ο.Ε.Δ.Β.,   |c [1984] 
300 |a 2 τ. 
500 |a τ.2 2η εκδ. 
650 0 0 |a Greek language  |z Greece  |x Study and teaching. 
852 |a INST  |b RHODES  |e 19960724  |h 489.30712495 ΝΕΟ  |p 005400001177  |q 005400001177  |t BK  |y 620  |z τ.1 
852 |a INST  |b RHODES  |e 19960724  |h 489.30712495 ΝΕΟ  |p 005400001179  |q 005400001179  |t BK  |y 0  |z τ.2 
852 |a INST  |b RHODES  |e 19960724  |h 489.30712495 ΝΕΟ  |p 005400001177  |q 005400001177  |t BK  |v τ.1:  |y 620  |z τ.1 
852 |a INST  |b RHODES  |e 19960724  |h 489.30712495 ΝΕΟ  |p 005400001179  |q 005400001179  |t BK  |v τ.2:  |y 0  |z τ.2 
853 |a INST  |b RHODES  |h 489.30712495 ΝΕΟ 
909 |a Ρ  |b 004040  |c 1987 
909 |a Ρ  |b 004041  |c 1987